000 00809nam a22002177a 4500
999 _c163489
_d163489
005 20190418150714.0
010 _aB-728111
020 _c600.00
_a9788193704097
035 _aB-728111
037 _bAksharesh Enterprises
082 _a480
100 _aAjay K. Singh
245 _aS.S.C. English:
_bPrevious Papers (2013-2017) PT & Mains /
_cby Ajay K. Singh
260 _aPatna
_bM.B. Books
_c2018
270 _a3rd Floor, Ramdiri House, Dadiji Lane, Boring Road
_bPatna
_e800001
300 _a732p.
_c28cm(pbk)
490 _a155 SETS
500 _arevised & updated
942 _2ddc
_cEN
_h480
_mAJA